00674nam a2200229 a 4500001001300000003000900013005001700022008004100039020002300080082001300103100001900116245003800135260003900173300000900212500003500221650002300256700001900279902000800298942000700306952011400313999001700427nice12345678IN_TiNIC20260116014344.0100119s2006 chaa grp 000 0 eng  a9798185733912c79500a820bGWY aGwynn, Stephen aThe Masters of English Literature aChandigarh bAbhishek Pubs. c2006 a375p aincludes index and biblioraphy aEnglish-Literature1 aGwynn, Stephen bSRS cBK 001040708StackRoom-aHMIbHMId2010-01-19g795.00l0o820 GWYp023091r2010-01-19v795.00w2010-01-19yBK c14959d14959